00400cam a22001692 4500001001100000005001700011008004100028020001500069040001500084050002700099100003000126245002200156260003500178300001100213852000300224852000300227000001862220151217145906.0100223s xx 000 0 eng d a9966460071 aKABUcKABU 0aPR9381.9b.N48G73 19661 aNgugi, James.@000015228212aA Grain of wheat. aNairobi :bE. A. E. P.,c1966. a233 p.1 1